| 000 | 00372pab a2200157 454500 | ||
|---|---|---|---|
| 008 | 180718b2010 xxu||||| |||| 00| 0 eng d | ||
| 100 | _aVyas, Nitin J. | ||
| 245 | _aModernity and religiosity: Converging of poles in man | ||
| 260 | _c2010 | ||
| 300 | _ap.1-4. | ||
| 362 | _a11 Oct | ||
| 650 | _aReligion | ||
| 773 | _aUniversity News | ||
| 908 | _aN | ||
| 909 | _a89270 | ||
| 999 |
_c89270 _d89270 |
||